Elementary circuit properties of transistors (Record no. 23315)

000 -LEADER
fixed length control field 00727nam a22002531 4500
001 - CONTROL NUMBER
control field 23315
003 - CONTROL NUMBER IDENTIFIER
control field BD-DhUET
008 - FIXED-LENGTH DATA ELEMENTS--GENERAL INFORMATION
fixed length control field 730109s1964 nyua b 000 0 eng
040 ## - CATALOGING SOURCE
Original cataloging agency DLC
Transcribing agency DLC
Modifying agency BD-DhUET
082 ## - DEWEY DECIMAL CLASSIFICATION NUMBER
Classification number 623.8151
Item number SEA/19649
100 1# - MAIN ENTRY--PERSONAL NAME
Personal name Searle, Campbell L.
245 10 - TITLE STATEMENT
Title Elementary circuit properties of transistors
250 ## - EDITION STATEMENT
Edition statement 1st ed.
260 ## - PUBLICATION, DISTRIBUTION, ETC. (IMPRINT)
Place of publication, distribution, etc. New York
Name of publisher, distributor, etc. John Wiley & Sons
Date of publication, distribution, etc. 1964
300 ## - PHYSICAL DESCRIPTION
Extent xxi, 306 p.
Other physical details illus
Dimensions 22 cm.
490 ## - SERIES STATEMENT
Series statement Semiconductor electronics education committee books
500 ## - GENERAL NOTE
General note Volume - 3
504 ## - BIBLIOGRAPHY, ETC. NOTE
Bibliography, etc Includes bibliographies
650 #0 - SUBJECT ADDED ENTRY--TOPICAL TERM
Topical term or geographic name as entry element Circuits : Electronics : Engg.
700 ## - ADDED ENTRY--PERSONAL NAME
Personal name Boothroyd, A. R.
700 ## - ADDED ENTRY--PERSONAL NAME
Personal name Angelo, E. J.
700 ## - ADDED ENTRY--PERSONAL NAME
Personal name Gray, Paul E.
942 ## - ADDED ENTRY ELEMENTS (KOHA)
Koha item type General Book
Holdings
Koha full call number Not for loan Damaged status Price effective from Koha date last seen Location (home branch) Date acquired Withdrawn status Source of classification or shelving scheme Copy number Shelving location Sublocation or collection (holding branch) Koha normalized classification for sorting Piece designation (barcode) Lost status Koha item type
623.8151/SEA/1964  2015-05-032015-05-03Central Library, BUET2015-05-03  1Circulation sectionCentral Library, BUET623_815100000000000_SEA_196435735 General Book
623.8151/SEA/1964  2015-05-032015-05-03Central Library, BUET2015-05-03  2Circulation sectionCentral Library, BUET623_815100000000000_SEA_196435749 General Book
623.8151/SEA/1964  2015-05-042015-05-04Central Library, BUET2015-05-04  3Circulation sectionCentral Library, BUET623_815100000000000_SEA_196416238 General Book
623.8151/SEA/1964  2015-05-042015-05-04Central Library, BUET2015-05-04  4Circulation sectionCentral Library, BUET623_815100000000000_SEA_196412507 General Book
623.8151/SEA/1964  2015-05-042015-05-04Central Library, BUET2015-05-04  5Circulation sectionCentral Library, BUET623_815100000000000_SEA_196427851 General Book
623.8151/SEA/1964  2015-05-042015-05-04Central Library, BUET2015-05-04  6Circulation sectionCentral Library, BUET623_815100000000000_SEA_196443533 General Book
623.8151/SEA/1964  2015-05-042015-05-04Central Library, BUET2015-05-04  7Circulation sectionCentral Library, BUET623_815100000000000_SEA_196445010 General Book
623.8151/SEA/1964  2015-05-042015-05-04Central Library, BUET2015-05-04  8Circulation sectionCentral Library, BUET623_815100000000000_SEA_196435742 General Book
623.8151/SEA/1964  2015-05-042015-05-04Central Library, BUET2015-05-04  9Circulation sectionCentral Library, BUET623_815100000000000_SEA_196433540 General Book